000
00220 a2200097 4500
001
7131
100
_a
Marion, J.B
245
_a
Classical electromagnetic radiation
260
_a
_b
Academic Press
_c
090
_c
5900
_d
5900
942
_a
NUST-CAE
_c
M
_c
32379
999
_c
242204
_d
242204